000 01030nam a22002537a 4500
005 20111123141031.0
008 111123t xxu||||| |||| 00| 0 eng d
010 _aENG-104185
020 _a9780071078443
_c415.00
020 _a0071078444
_c415.00
035 _aEN-87718
037 _bDBAD/PUB
040 _aDPL
_bEng
082 0 0 _a005.7565
100 1 _936071
245 1 0 _aOracle 11i database SQL expert certification guide :
_b1Z0-047 examination
260 _aNew Delhi
_bTata McGraw-Hill
_cc2011
270 _a7 West Patel Nagar
_bNew Delhi
_e110008
300 _axvi,254p.
_c23cm (pbk)
_e1CD-ROM
490 _auCertify-Tata McGraw Hill professional : certification series
_936121
942 _2ddc
_cEN
_h005.7565
_mORA
999 _c58662
_d58662